000 01010nam a2200241 a 4500
001 80848
003 BD-RjUL
005 20231018123704.0
008 221127s2012 BG a|||| m||| 00| 0 eng d
035 _a(BD-RjUL)80848
040 _aBD-RjUL
_beng
_cBD-RjUL
_dBD-RjUL
041 _aeng
082 _223
_a332.9517
_bFEC 2012
100 _aFerdoush, Mst. Rezwana
_96029
245 1 0 _aCOMBINED ACTION OF PIPERONYL BUTOXIDE WITH SOME INSECTICIDES, AGAINST THE LESSER GRAIN BORER RHYZOPERTHA DOMINICA (COLEOPTERA: BOSTRICHIDAE) /
_cMst. Rezwana Ferdoush ;
_6Supervisor : A. S. M. Shafiqur Rahman
260 _aRajshahi :
_bDepartment of Zoology, Univresity of Rajshahi,
_c2012
300 _a[6], vi, [1], 136 leaves :
_bill.;
_c29 cm.
502 _aThesis(Ph.D.) -- Department of Zoology, Univresity of Rajshahi,2012
504 _aReferences : Leaves 96-128
650 _aInsecticides
_xLesserGrain Borer
_vRhyzopertha Dominica
_96030
700 _aRahman, A. S. M. Shafiqur, Supervisor
_93723
942 _2ddc
_cTHE
999 _c80848
_d80848